Szczegóły MARC21

ABC polskiej gry w ringo : metodyka nauczania techniki i taktyki = ABC of Polish ringo game : methodology of technique and tactic teaching and improvement /

003 -Nazwa inst., której nr kontr. jest w polu 001 [,]
    • @
    • Nazwa instytucji, której n kontrolny jest w polu 001
    • NUKAT
005 -DATA I CZAS OSTATNIEJ MODYFIKACJI [,]
    • @
    • pole kontrolne
    • 20241231103752.0
020 -Międzynarod. znormalizowany nr książki - ISBN [ , ]
    • a
    • Numer ISBN
    • 9788362113217 Find
040 -Instytucja sporządzająca opis [ , ]
    • a
    • Instytucja, która sporządziła opis (NP)
    • SZCZ U/MC
    • b
    • Język katalogowania
    • pol
    • e
    • Zasady katalogowania
    • rda
    • c
    • Instytucja, która sporządziła rekord (NP)
    • SZCZ U/MCs
942 -Rodzaj dokumentu [ , ]
    • c
    • Rodzaj dokumentu
    • Książka
100 -Hasło główne - nazwa osobowa [1, ]
    • a
    • Nazwa osobowa (NP)
    • Starosta, Włodzimierz.
    • e
    • Rodzaj współpracy
    • Autor
    • 9
    • KHW
    • 1668
245 -Strefa tytułu i oznaczenia odpowiedzialności [1,0]
    • a
    • Tytuł
    • ABC polskiej gry w ringo : Find
    • b
    • Ciąg dalszy tytułu (NP)
    • metodyka nauczania techniki i taktyki = ABC of Polish ringo game : methodology of technique and tactic teaching and improvement / Find
    • c
    • Pozostałe elementy strefy tytułu i oznaczenia odpowiedzialności (NP)
    • Włodzimierz Starosta, Mariusz Wangryn ; Polskie Towarzystwo Ringo. Międzynarodowe Stowarzyszenie Motoryki Sportowej.
246 -Wariant tytułu [3,1]
    • a
    • Tytuł (NP)
    • ABC of Polish ringo game :
    • b
    • Ciąg dalszy tytułu (NP)
    • methodology of technique and tactic teaching and improvement
260 -Strefa adresu wydawniczego [ , ]
    • a
    • Miejsce wydania (P)
    • Warszawa :
    • b
    • Nazwa wydawcy (P)
    • Polskie Towarzystwo Ringo ;
    • a
    • Miejsce wydania (P)
    • Międzyrzec Podlaski :
    • b
    • Nazwa wydawcy (P)
    • Wydawnictwo "Intergraf",
    • c
    • Data wydania (P)
    • 2012.
300 -Strefa opisu fizycznego [ , ]
    • a
    • Określenie formy książki i/lub objętość (NP)
    • 142, [4] strony :
    • b
    • Oznaczenie ilustracji (NP)
    • ilustracje ;
    • c
    • Format (NP)
    • 23 cm.
336 -Typ zawartości [ , ]
    • a
    • Termin opisujący typ zawartości
    • Tekst
    • b
    • Kod określający zawartość
    • txt
    • 2
    • Źródło (terminu i kodu)
    • rdacontent
337 -Typ mediów [ , ]
    • a
    • Tryb odtwarzania
    • Bez urządzenia pośredniczącego
    • b
    • Kod typu mediów
    • n
    • 2
    • Źródło (terminu i kodu)
    • rdamedia
338 -Typ/rodzaj nośnika [ , ]
    • a
    • Hasło opisujące typ nośnika
    • Wolumin
    • b
    • Kod typu nośnika
    • nc
    • 2
    • Źródło (terminu i kodu)
    • rdacarrier
490 -Strefa serii i książki wielotomowej - forma nie do wyszukiwania [1, ]
    • a
    • Tytuł (P)
    • IASK Library Find
830 -Hasło dodatkowe serii i opisu książki wielotomowej - tytuł ujednolicony/tytuł [ ,0]
    • a
    • Tytuł ujednolicony/tytuł (NP)
    • Biblioteka Międzynarodowego Stowarzyszenia Motoryki Sportowej
    • 9
    • KHW
    • 1673
504 -Uwaga dot. bibliogr. załącznikowej [ , ]
    • a
    • Uwaga dot. bibliografii załącznikowej
    • Bibliografia na stronach 133-136.
536 -Uwaga dot. finansowania książki [ , ]
    • a
    • Tekst uwagi
    • Publikacja pracy dotowana przez: Ministerstwo Sportu i Turystyki Departament Rozwoju i Promocji Sportu ze środków państwowego Funduszu Rozwoju Kultury Fizycznej
650 -Hasło przedmiotowe [ ,7]
    • a
    • Hasło przedmiotowe
    • Ringo (gra)
    • v
    • Określnik formalny
    • reguły.
    • 2
    • Źródło terminu
    • kaba
    • 9
    • KHW
    • 560897
700 -Hasło dodatkowe - nazwa osobowa [1, ]
    • a
    • Nazwa osobowa (NP)
    • Wangryn, Mariusz. Find
    • e
    • Określenie rodzaju współpracy
    • Autor
    • 9
    • KHW
    • 647259
710 -Hasło dodatkowe - nazwa ciała zbiorowego [2, ]
    • a
    • Nazwa ciała zbiorowego lub nazwa geograficzna jako pierwszy element (NP)
    • Polskie Towarzystwo Ringo.
    • e
    • Rodzaj współpracy
    • Instytucja sprawcza
    • e
    • Rodzaj współpracy
    • Wydawca
    • 4
    • Kod relacji
    • pbl
    • 9
    • KHW
    • 566082
710 -Hasło dodatkowe - nazwa ciała zbiorowego [2, ]
    • a
    • Nazwa ciała zbiorowego lub nazwa geograficzna jako pierwszy element (NP)
    • Międzynarodowe Stowarzyszenie Motoryki Sportowej.
    • e
    • Rodzaj współpracy
    • Instytucja sprawcza
    • 9
    • KHW
    • 19698
710 -Hasło dodatkowe - nazwa ciała zbiorowego [2, ]
    • a
    • Nazwa ciała zbiorowego lub nazwa geograficzna jako pierwszy element (NP)
    • Wydawnictwo Intergraf.
    • e
    • Rodzaj współpracy
    • Wydawca
    • 4
    • Kod relacji
    • pbl
    • 9
    • KHW
    • 647258
920 -ISBN [ , ]
    • a
    • ISBN
    • 978-83-62113-21-7 Find
Numer inwentarzowy Status udost. Sygnatura Lokalizacja Data inwentaryzacji
WFM.76-3 BM2022-07-13
WF.109311Sporty inne 53BM2022-07-04